000 01062nabaa22002177a 4500
999 _c6154
_d6154
003 OSt
005 20260123194734.0
008 190701b xxu||||| |||| 00| 0 spa d
040 _cPJ
100 _96904
_aLacava, Federico J.
245 1 0 _aControl judicial de las decisiones administrativas algorítmicas :
_binterrogantes y desafíos /
_cFederico J. Lacava.
300 _ap. 78-89
500 _aCita: TR LALEY AR/DOC/3181/2023
505 _aSumario: I. Introducción.— II. Nociones conceptuales.— III. Desafíos del control judicial de la actividad algorítmica.— IV. Impacto sobre la efectividad del control judicial.— V. Algunas reflexiones a modo de cierre.
505 _t¿Te interesa el texto completo? Comunicate al correo: koha@justierradelfuego.gov.ar
650 0 _9211
_aDERECHO ADMINISTRATIVO
650 0 _96081
_aCIENCIA Y TECNOLOGÍA
650 0 _95496
_aDECISIONES ADMINISTRATIVAS
773 0 _02842
_93251
_dBuenos Aires : AbeledoPerrot, 2012-
_oDA121
_tDerecho administrativo. Nº 151 enero/febrero 2024
_z18510590
942 _2udc
_cANA